[Event "Gold Coast op"]
[Site "Gold Coast"]
[Date "2018.06.29"]
[Round "3"]
[White "Illingworth, Max"]
[Black "Clarke, Brandon GI"]
[Result "0-1"]
[WhiteElo "2524"]
[BlackElo "2411"]
[PlyCount "94"]
[EventDate "2018.06.28"]
[EventType "swiss"]
[EventRounds "9"]
[EventCountry "AUS"]
[SourceTitle "CBM 185 Extra"]
[Source "ChessBase"]
[SourceDate "2018.07.29"]
[SourceVersion "1"]
[SourceVersionDate "2018.07.29"]
[SourceQuality "1"]

1. d4 Nf6 2. Bf4 g6 3. Nc3 d5 4. Qd2 Bg7 5. Bh6 0-0 6. Bxg7 Kxg7 7. 0-0-0 c5 8. e3 Qa5 9. Kb1 Nc6 10. f3 h5 11. Bb5 cxd4 12. exd4 Bf5 13. Nge2 Nb4 14. Ba4 Nxa2 15. Kxa2 b5 16. g4 hxg4 17. fxg4 Bxg4 18. b4 Qa6 19. Qd3 Bxe2 20. Qxe2 Ne4 21. Rd3 Nxc3+ 22. Rxc3 Qxa4+ 23. Ra3 Qxb4 24. Qe5+ f6 25. Qxd5 Rad8 26. Qe6 Qxd4 27. Qxe7+ Rf7 28. Qe6 Qd5+ 29. Qxd5 Rxd5 30. Rc3 g5 31. Kb3 Kg6 32. Re1 a5 33. Re6 Rh7 34. h3 Rh4 35. Ra6 a4+ 36. Kb2 Rb4+ 37. Kc1 Rf4 38. Kb2 Re5 39. Ra8 b4 40. Rc7 b3 41. cxb3 Rf2+ 42. Ka3 axb3 43. Rb8 b2 44. Rxb2 Re3+ 45. Rb3 Rxb3+ 46. Kxb3 Rf3+ 47. Kc4 Rxh3 0-1

[Event "New South Wales op"]
[Site "Sydney"]
[Date "2018.06.10"]
[Round "4"]
[White "Illingworth, Max"]
[Black "Lane, Gary William"]
[Result "1-0"]
[WhiteElo "2524"]
[BlackElo "2388"]
[PlyCount "103"]
[EventDate "2018.06.09"]
[EventType "swiss"]
[EventRounds "7"]
[EventCountry "AUS"]
[SourceTitle "EXT 2019"]
[Source "ChessBase"]
[SourceDate "2018.10.10"]
[SourceVersion "1"]
[SourceVersionDate "2018.10.10"]
[SourceQuality "1"]

1. d4 d5 2. Bf4 Nf6 3. e3 e6 4. Nf3 Bd6 5. Bg3 0-0 6. Nbd2 b6 7. c3 Bb7 8. Bd3 Nbd7 9. Qc2 Qe7 10. Ne5 c5 11. f4 c4 12. Be2 Ne8 13. e4 f6 14. Nxd7 Qxd7 15. e5 Be7 16. 0-0 fxe5 17. fxe5 Nc7 18. Nf3 Bc6 19. Rf2 Qd8 20. Raf1 Rf5 21. Bd1 Be8 22. Qb1 g6 23. Bc2 Rf8 24. h4 b5 25. Qc1 Rf7 26. Qh6 Bf8 27. Qd2 Be7 28. Bf4 b4 29. Bg5 bxc3 30. bxc3 Rb8 31. Nh2 Bxg5 32. hxg5 Rb2 33. Rxf7 Bxf7 34. Ng4 Be8 35. Qf4 Qe7 36. Nh6+ Kg7 37. Ba4 Nb5 38. Qc1 Rb1 39. Qxb1 Nxc3 40. Qe1 Nxa4 41. Qh4 Kh8 42. Qf2 Kg7 43. Ng4 c3 44. Nf6 Bb5 45. Qh4 h5 46. gxh6+ Kh8 47. Qg5 Bd3 48. Rf3 Bb1 49. Qc1 Qb4 50. Kh2 Bf5 51. Qg5 Qxd4 52. Ng4 1-0

[Event "AUS-ch"]
[Site "Cammeray"]
[Date "2018.01.12"]
[Round "11"]
[White "Nakauchi, Gene"]
[Black "Illingworth, Max"]
[Result "0-1"]
[WhiteElo "2208"]
[BlackElo "2494"]
[PlyCount "50"]
[EventDate "2018.01.02"]
[EventType "swiss"]
[EventRounds "11"]
[EventCountry "AUS"]
[SourceTitle "CBM 182 Extra"]
[Source "ChessBase"]
[SourceDate "2018.02.23"]
[SourceVersion "1"]
[SourceVersionDate "2018.02.23"]
[SourceQuality "1"]

1. d4 e6 2. e4 d5 3. Nc3 Nf6 4. e5 Nfd7 5. f4 c5 6. Nf3 Nc6 7. Be3 Be7 8. Qd2 0-0 9. 0-0-0 c4 10. Qf2 b5 11. Kb1 b4 12. Ne2 Qa5 13. f5 exf5 14. Qg3 Kh8 15. Nf4 b3 16. cxb3 cxb3 17. a3 Bxa3 18. bxa3 Qxa3 19. Rd2 Nb4 20. Ng5 Na2 21. Ne2 Ba6 22. Bf4 Rac8 23. Rb2 Bxe2 24. Bd2 Bd1 25. Bd3 Rc1+ 0-1

[Event "AUS-ch"]
[Site "Cammeray"]
[Date "2018.01.09"]
[Round "8"]
[White "Illingworth, Max"]
[Black "Cheng, Bobby Sky"]
[Result "1-0"]
[WhiteElo "2494"]
[BlackElo "2504"]
[PlyCount "67"]
[EventDate "2018.01.02"]
[EventType "swiss"]
[EventRounds "11"]
[EventCountry "AUS"]
[SourceTitle "CBM 182 Extra"]
[Source "ChessBase"]
[SourceDate "2018.02.23"]
[SourceVersion "1"]
[SourceVersionDate "2018.02.23"]
[SourceQuality "1"]

1. e4 g6 2. d4 Bg7 3. Nf3 d6 4. Bc4 Nf6 5. Qe2 Nc6 6. h3 0-0 7. e5 Nd7 8. e6 Nb6 9. exf7+ Kh8 10. Nc3 d5 11. Bb3 Nxd4 12. Nxd4 Bxd4 13. Be3 Bg7 14. h4 e6 15. f4 Qf6 16. h5 Qxf7 17. 0-0-0 Bd7 18. g4 Bc6 19. hxg6 Qxg6 20. Rh5 Nd7 21. Rdh1 Nf6 22. Rg5 Qf7 23. Bd4 Ne8 24. Bxg7+ Nxg7 25. Qd3 Qg8 26. Qd4 Be8 27. f5 c5 28. Qxc5 Qf7 29. Rh6 Bc6 30. Qd4 e5 31. Qxe5 Rae8 32. Qh2 Ne6 33. fxe6 Qf1+ 34. Nd1 1-0

[Event "AUS-ch"]
[Site "Cammeray"]
[Date "2018.01.04"]
[Round "4"]
[White "Illingworth, Max"]
[Black "Xie, George Wendi"]
[Result "1-0"]
[WhiteElo "2494"]
[BlackElo "2369"]
[PlyCount "117"]
[EventDate "2018.01.02"]
[EventType "swiss"]
[EventRounds "11"]
[EventCountry "AUS"]
[SourceTitle "CBM 182 Extra"]
[Source "ChessBase"]
[SourceDate "2018.02.23"]
[SourceVersion "1"]
[SourceVersionDate "2018.02.23"]
[SourceQuality "1"]

1. d4 Nf6 2. Bf4 e6 3. e3 b6 4. Nf3 Bb7 5. Bd3 g6 6. c4 Bg7 7. Nc3 0-0 8. 0-0 Nh5 9. Bg5 Qe8 10. e4 h6 11. Be3 f5 12. Re1 f4 13. Bd2 Nc6 14. e5 Ne7 15. Nb5 Qd8 16. Nh4 f3 17. g3 a6 18. Nc3 Qe8 19. Re3 g5 20. Nxf3 Qf7 21. Ne4 Nf5 22. Nfxg5 Qg6 23. Re1 hxg5 24. Nxg5 Bh6 25. h4 Bxg5 26. Bxg5 Qf7 27. Qg4 Nhg7 28. Bf6 Kh7 29. d5 Nh5 30. Bxf5+ exf5 31. Qxf5+ Qg6 32. Qxg6+ Kxg6 33. Bg5 Rae8 34. Rad1 b5 35. c5 Rf3 36. Rd4 Ref8 37. Re2 R3f5 38. Kg2 a5 39. f4 b4 40. Rf2 Ng7 41. g4 R5f7 42. Kg1 Kh7 43. h5 Rg8 44. Rg2 Bxd5 45. Rxd5 Ne6 46. Rf2 c6 47. Rd6 Rgg7 48. Kg2 Kg8 49. Rxe6 dxe6 50. Rd2 Rd7 51. Rd6 Rxd6 52. exd6 Rb7 53. Kf3 e5 54. fxe5 Kf7 55. Bf6 b3 56. a3 a4 57. g5 Ke6 58. g6 Rb4 59. g7 1-0